000 00984nam a2200313Ia 4500
001 dia_3095
003 CHAP
005 20251021161712.0
008 220117s1980 xx 000 0 und d
010 _a173594
040 _cCHAP
082 _a581.1 F57 1980
245 _aFisiología vegetal /
_c dirección Enrique M. Sivori, Edgardo R. Montaldi y Osvaldo H. Caso
260 _aArgentina :
_b Hemisferio Sur,
_c1980
300 _axiv, 681 p.
500 _aLos ejemplares 2 y 3 son material fotocopiado
503 _aC/e
504 _aIncluye bibliografías
590 _aQK711.2 F57 1980
650 _aFisiología vegetal
_941136
650 _aVegetal physiology
_9154053
700 _aCaso, Osvaldo H., dir.
_9150628
700 _aMontaldi, Edgardo R., dir.
_9150629
700 _aSivori, Enrique M., dir.
_9150630
901 _a581.1 F57 1980
902 _aM
905 _a5232271980 ag aimn8222223322spa16
942 _cLIBRO
_2ddc
999 _c173594
_d173594